000 00949nam a2200289 i 4500
001 C2-0224895
003 PPAK
005 20180728153252.0
008 000523s1996 nyua|||| ||||| | eng d
020 _a0028602897
040 _aPPAK
_beng
_cPPAK
_erda
082 0 4 _a930
_223
090 0 0 _a930
_bROS
_dR
100 1 _aRossi, Renzo,
_eauthor
245 1 0 _aCivilizations of Asia :
_bIndia, China and the peoples of Southeast Asia and the Indian Ocean
264 1 _aNew York :
_bMacmillan USA ,
_c1996
300 _a64 pages :
_bcolour illustrations, maps ;
_c35 cm
336 _2rdacontent
_atext
337 _2rdamedia
_aunmediated
338 _2rdacarrier
_avolume
490 1 _aThe atlas of human history (Vol. 5)
500 _aTranslated from 'Atlanti della storia dell 'uomo
650 1 0 _aCivilization, Ancient ; Historical geography - Maps
700 _eauthor
830 0 _aThe atlas of human history (Vol. 5)
942 _ddc
_cB
999 _c145701
_d145701